|
|
|
|
| LEADER |
00000nam a2200000Ia 4500 |
| 008 |
170817b2003 cr ||||| |||| 00| | spa d |
| 999 |
|
|
|c 878
|d 878
|
| 020 |
|
|
|a 9968806234
|
| 090 |
|
|
|a 16.01.01
|b 1361
|
| 110 |
2 |
|
|a Programa de las Naciones Unidas para el Desarrollo
|9 262
|
| 245 |
1 |
0 |
|a Segundo informe sobre el desarrollo humano en Centroamérica y Panamá /
|c Programa de las Naciones Unidas para el Desarrollo
|
| 260 |
|
|
|a San José, Costa Rica :
|b PNUD,
|c 2003
|
| 300 |
|
|
|a 444 páginas
|
| 650 |
1 |
4 |
|a DESARROLLO SOSTENIBLE
|9 443
|
| 650 |
1 |
4 |
|a POLÍTICA ECONÓMICA
|9 2059
|
| 650 |
1 |
4 |
|a DESARROLLO ECONÓMICO Y SOCIAL
|9 445
|
| 650 |
1 |
4 |
|a DESARROLLO HUMANO
|9 77
|
| 651 |
|
4 |
|a AMÉRICA CENTRAL
|9 457
|
| 942 |
|
|
|i 00884,00922
|h 16.01.01 1361
|2 z
|c 01
|